000 00602nam a2200193Ia 4500
008 240729s9999 xx 000 0 und d
022 _a1748-3026
245 0 _aJournal of Algorithms & Computational Technology
260 _aUnited Kingdom
260 _bSAGE Publishing
650 _a Applied mathematics. Quantitative methods | Science
650 _a Industrial engineering. Management engineering
650 _a Mathematics
650 _a Technology (General)
650 _aTechnology
856 _uhttps://doaj.org/toc/4868914cfcc5494e8ba7247bb2a4633f
942 _2ddc
942 _cDOAJEJ
999 _c67694
_d67694
945 _a1
_bMadushi Gamage
_c1
_dMadushi Gamage